Protective relaying theory and applications

Gespeichert in:
Bibliographische Detailangaben
Weitere Verfasser: Elmore, Walter A., 1925- Editor
Format: Buch
Sprache:English
Veröffentlicht: New York : ABB : Marcel Dekker, c1994.
Schlagworte:
Tags: Tag hinzufügen
Keine Tags, Fügen Sie den ersten Tag hinzu!

MARC

LEADER 00000nam a2200000Ia 4500
003 000664
005 20221231144014.0
008 140114s1994 nyua 000 ||eng d
040 |c cru CEDI 
082 |a 621.317 P641p 
245 |a Protective relaying theory and applications  
260 |a New York : ABB : Marcel Dekker,  |c  c1994. 
300 |a  xiii, 367 páginas : ilustraicones., 29 cm. 
650 |x RELES PROTECTORES  |9 4707 
700 |9 19346  |a Elmore, Walter A., 1925-  |d Editor 
942 |2 ddc  |c BK 
999 |c 15504  |d 15504